Question |
Answer |
Wrong Answers |
Kate Jackson, Jaclyn Smith, Farrah Fawcett, Cheryl Ladd |
Charlie's Angels | | 94.4% |
Police Woman | | 0.4% |
The Mod Squad | | 0.4% |
Hawaii Five-O | | 0.6% |
|
Ron Howard, Henry Winkler, Marion Ross, Tom Bosley |
Happy Days | | 94.3% |
Laverne & Shirley | | 0.6% |
Mork & Mindy | | 0.4% |
Family | | 0.5% |
|
Alan Alda, Loretta Swit, Jamie Farr, Harry Morgan |
M*A*S*H | | 93.9% |
Emergency! | | 0.6% |
Trapper John, M.D. | | 0.7% |
Barney Miller | | 0.5% |
|
Judd Hirsch, Danny DeVito, Christopher Lloyd, Tony Danza |
Taxi | | 92.6% |
WKRP in Cincinnati | | 0.6% |
Who's the Boss? | | 2.2% |
Archie Bunker's Place | | 0.5% |
|
Susan Dey, David Cassidy, Shirley Jones, Danny Bonaduce |
The Partridge Family | | 92.2% |
The Brady Bunch | | 2.2% |
Apple's Way | | 0.6% |
Sesame Street | | 0.7% |
|
Melissa Gilbert, Michael Landon, Melissa Sue Anderson, Victor French |
Little House on the Prairie | | 89.8% |
Bonanza | | 1.4% |
Roseanne | | 1.7% |
Highway to Heaven | | 2.7% |
|
Carroll O'Connor, Jean Stapleton, Rob Reiner, Sally Struthers |
All in the Family | | 88.7% |
Good Times | | 2.3% |
Maude | | 2.1% |
The Jeffersons | | 2.3% |
|
James Garner, Noah Beery, Joe Santos, Stuart Margolin |
The Rockford Files | | 88.7% |
Columbo | | 2% |
McMillan & Wife | | 2.4% |
Starsky & Hutch | | 2.2% |
|
John Travolta, Gabe Kaplan, Ron Palillo, Robert Hegyes |
Welcome Back, Kotter | | 88.5% |
Room 222 | | 2% |
Happy Days | | 1.4% |
The Rookies | | 3.7% |
|
Ann B Davis, Robert Reed, Eve Plumb, Florence Henderson |
The Brady Bunch | | 88.1% |
The Waltons | | 2% |
Little House on the Prairie | | 1.6% |
The Partridge Family | | 3.7% |
|
Howard Hesseman, Gordon Jump, Loni Anderson, Tim Reid |
WKRP in Cincinnati | | 86.2% |
The Carol Burnett Show | | 2.9% |
Head of the Class | | 4% |
Frank's Place | | 2.1% |
|
Don Knotts, John Ritter, Joyce DeWitt, Suzanne Somers |
Three's Company | | 85.4% |
The Streets of San Francisco | | 2.1% |
Starsky & Hutch | | 1.2% |
Mayberry R.F.D. | | 6.9% |
|
Buddy Ebsen, Lee Meriwether, Mark Shera, William Conrad |
Barnaby Jones | | 84.3% |
Kojak | | 4.1% |
CHiPs | | 3.4% |
Columbo | | 3.4% |
|
Hal Linden, Abe Vigoda, Ron Glass, Max Gail |
Barney Miller | | 82.2% |
S.W.A.T. | | 4.9% |
Adam-12 | | 3.6% |
Baretta | | 4.5% |
|
Valerie Bertinelli, Bonnie Franklin, Pat Harrington Jr, Mackenzie Phillips |
One Day at a Time | | 81% |
Hot in Cleveland | | 4.7% |
Alice | | 5.2% |
Maude | | 4.3% |
|
Dick Van Patten, Lani O'Grady, Grant Goodeve, Willie Aames |
Eight Is Enough | | 81% |
Get Smart | | 4.9% |
Charles in Charge | | 4.7% |
Police Story | | 4.4% |
|
Nancy Marchand, Ed Asner, Mason Adams, Robert Walden |
Lou Grant | | 80% |
The Mary Tyler Moore Show | | 8.9% |
The Streets of San Francisco | | 4% |
Police Story | | 2.6% |
|
Billy Crystal, Richard Mulligan, Katherine Helmond, Robert Guillaume |
Soap | | 77.4% |
Benson | | 9.7% |
The Bob Newhart Show | | 2.9% |
Laugh-In | | 5.6% |
|
Ralph Waite, Michael Learned, Judy Norton Taylor, Will Geer |
The Waltons | | 76.7% |
Little House on the Prairie | | 5.5% |
Bonanza | | 5.6% |
Upstairs, Downstairs | | 7.5% |
|
Betty White, Valerie Harper, Ted Knight, Ed Asner |
The Mary Tyler Moore Show | | 71.5% |
Lou Grant | | 8% |
The Golden Girls | | 7.6% |
Rhoda | | 8.8% |
|
Robert Conrad, James Whitmore Jr, John Larroquette, Red West |
Baa Baa Black Sheep | | 66.1% |
M*A*S*H | | 2.5% |
Mission: Impossible | | 15% |
Space: 1999 | | 11.6% |
|
Al Molinaro, Jack Klugman, Penny Marshall, Tony Randall |
The Odd Couple | | 65.2% |
Happy Days | | 4% |
Laverne & Shirley | | 14% |
Quincy, M.E. | | 12.5% |
|
Ernest Thomas, Fred Berry, Danielle Spencer, Mabel King |
What's Happening!! | | 59.6% |
Welcome Back, Kotter | | 3.9% |
Good Times | | 18.8% |
B.J. and the Bear | | 12.7% |
|
Ken Howard, Kevin Hooks, Byron Stewart, Timothy Van Patten |
The White Shadow | | 58.5% |
Eight Is Enough | | 18.9% |
Adam's Rib | | 10.4% |
Barney Miller | | 7.3% |
|
James Broderick, Gary Frank, Meredith Baxter, Kristy McNichol |
Family | | 57.1% |
Empty Nest | | 11.8% |
Growing Pains | | 16% |
Sons and Daughters | | 10.5% |
|
Comments